00322nam a2200121Ia 4500003000400000005001700004008004100021020002400062040002600086100002000112245004300132260002500175OSt20240320141537.0170523s9999 xx 000 0 und d a ‎ 978-9350142240 cIIMTUNIVERSITY MEERUT aChadra- Subhash 0aMaintenance Engineering and Management aS.K. Kataria & Soons